Countries starting with I - Statistics

General Stats
  • This quiz has been taken 19 times
  • The average score is 7 of 9
Answer Stats
Answer % Correct
Iceland
95%
Iran
95%
Iraq
95%
Ireland
89%
Italy
84%
Indonesia
79%
India
74%
Israel
63%
Ivory coast
53%
No matching quizzes found
Score Distribution
Percent of People with Each Score
Percentile by Number Answered
Your Score History
You have not taken this quiz